000 00370 a2200169 4500
001 73326
020 _a9788578528232
040 _cAnchieta - Colégio São Paulo
100 _aBzuneck, Paulo Tadeu
240 1 0 _aBiologia
_lpor
245 1 0 _aBiologia
300 _a40
362 0 _a2009
440 1 _aPositivo
650 4 _aCiência da vida - Biologia
942 _cBK
999 _c73326
_d73326